[Event "Condom op 12th"]
[Site "Condom"]
[Date "2013.07.18"]
[Round "7"]
[White "Roques, Olivier"]
[Black "Leenhouts, Koen"]
[Result "0-1"]
[WhiteElo "2026"]
[BlackElo "2392"]
[PlyCount "62"]
[EventDate "2013.07.13"]
[EventType "swiss"]
[EventRounds "9"]
[EventCountry "FRA"]
[SourceTitle "CBM 155 Extra"]
[Source "ChessBase"]
[SourceDate "2013.08.26"]
[SourceVersion "1"]
[SourceVersionDate "2013.08.26"]
[SourceQuality "1"]

1. c4 Nf6 2. g3 g6 3. Bg2 Bg7 4. e4 0-0 5. Ne2 c5 6. 0-0 Nc6 7. Nbc3 Ne8 8. f4 Nc7 9. d3 d6 10. h3 a6 11. Be3 Ne6 12. Rb1 Ned4 13. Bf2 Rb8 14. b4 Nxe2+ 15. Nxe2 Nxb4 16. d4 b6 17. a3 Nc6 18. dxc5 dxc5 19. Qxd8 Rxd8 20. e5 Na5 21. Bxc5 Nxc4 22. Bxe7 Re8 23. Bb4 a5 24. Bc6 axb4 25. Bxe8 Nd2 26. Rxb4 Nxf1 27. Kxf1 Bxh3+ 28. Kf2 Rxe8 29. Rxb6 Bf8 30. Ra6 Bc5+ 31. Ke1 Rb8 0-1

[Event "Condom op 12th"]
[Site "Condom"]
[Date "2013.07.13"]
[Round "1"]
[White "Roques, Olivier"]
[Black "Velten, Paul"]
[Result "0-1"]
[WhiteElo "2026"]
[BlackElo "2422"]
[PlyCount "60"]
[EventDate "2013.07.13"]
[EventType "swiss"]
[EventRounds "9"]
[EventCountry "FRA"]
[SourceTitle "CBM 155 Extra"]
[Source "ChessBase"]
[SourceDate "2013.08.26"]
[SourceVersion "1"]
[SourceVersionDate "2013.08.26"]
[SourceQuality "1"]

1. c4 e5 2. Nc3 Nf6 3. Nf3 Nc6 4. g3 Bc5 5. Bg2 d6 6. 0-0 0-0 7. d3 h6 8. a3 a6 9. b4 Ba7 10. Nd2 Bg4 11. Nb3 Qd7 12. Qc2 Bh3 13. e3 Bxg2 14. Kxg2 Rae8 15. Ne2 Nh7 16. Bb2 Ng5 17. Ng1 f5 18. Rad1 f4 19. d4 f3+ 20. Kh1 e4 21. b5 axb5 22. cxb5 Ne7 23. a4 c6 24. b6 Bb8 25. a5 Qg4 26. Bc3 Rf5 27. Be1 Nh3 28. Nd2 d5 29. Ra1 Rh5 30. a6 Nxg1 0-1

[Event "Condom op-A 11th"]
[Site "Condom"]
[Date "2012.07.20"]
[Round "8"]
[White "Larand, Manuel"]
[Black "Roques, Olivier"]
[Result "1-0"]
[WhiteElo "2044"]
[BlackElo "1913"]
[PlyCount "93"]
[EventDate "2012.07.14"]
[EventType "swiss"]
[EventRounds "9"]
[EventCountry "FRA"]
[SourceTitle "EXT 2013"]
[Source "ChessBase"]
[SourceDate "2012.11.22"]
[SourceVersion "1"]
[SourceVersionDate "2012.11.22"]
[SourceQuality "1"]

1. c4 Nf6 2. g3 g6 3. Bg2 Bg7 4. e4 d6 5. d4 0-0 6. Ne2 e5 7. 0-0 Nc6 8. d5 Ne7 9. Nbc3 a5 10. Rb1 Bd7 11. b3 Nh5 12. f3 f5 13. Be3 b6 14. Qd2 Kh8 15. Kh1 Ng8 16. Rbc1 Nhf6 17. h3 Qc8 18. Kh2 h6 19. a3 g5 20. exf5 Bxf5 21. b4 axb4 22. axb4 Qe8 23. g4 Bg6 24. Ng3 Qd7 25. Rf2 Ra3 26. c5 bxc5 27. bxc5 Rb8 28. Bf1 Rbb3 29. Bc4 Rb4 30. Bb5 Rxb5 31. c6 Qc8 32. Nxb5 Rd3 33. Qe1 Nxd5 34. Bd2 Qa6 35. Nc3 Qxc6 36. Nxd5 Qxd5 37. Rxc7 Rxf3 38. Rxf3 Qxf3 39. Bc3 Nf6 40. Qd2 Ne4 41. Qg2 Qd3 42. Bb2 Nd2 43. Rc3 Qb5 44. Qxd2 d5 45. Rc8+ Kh7 46. Rc7 Qb6 47. Bxe5 1-0

[Event "Condom op-A"]
[Site "Condom"]
[Date "2009.07.17"]
[Round "8"]
[White "Roques, Olivier"]
[Black "Greabca, Irina"]
[Result "0-1"]
[WhiteElo "1820"]
[BlackElo "2061"]
[PlyCount "24"]
[EventDate "2009.07.11"]
[EventType "swiss"]
[EventRounds "9"]
[EventCountry "FRA"]
[SourceTitle "CBM 131 Extra"]
[Source "ChessBase"]
[SourceDate "2009.09.03"]
[SourceVersion "2"]
[SourceVersionDate "2009.09.16"]
[SourceQuality "1"]

1. d4 Nf6 2. c4 e6 3. Nf3 Bb4+ 4. Nc3 0-0 5. g3 d5 6. Bg2 dxc4 7. Ne5 c5 8. e3 cxd4 9. exd4 Nd5 10. Qc2 Nxc3 11. bxc3 Qxd4 12. Nf3 Qxc3+ 0-1

[Event "FRA-ch U14"]
[Site "Aix les Bains"]
[Date "2009.04.22"]
[Round "5"]
[White "Bapst, Valentin"]
[Black "Roques, Olivier"]
[Result "1-0"]
[WhiteElo "1702"]
[BlackElo "1855"]
[PlyCount "58"]
[EventDate "2009.04.19"]
[EventType "swiss"]
[EventRounds "9"]
[EventCountry "FRA"]
[SourceTitle "CBM 130 Extra"]
[Source "ChessBase"]
[SourceDate "2009.07.02"]
[SourceVersion "2"]
[SourceVersionDate "2009.07.15"]
[SourceQuality "1"]

1. e4 c5 2. Nf3 d6 3. d4 cxd4 4. Nxd4 Nf6 5. Nc3 a6 6. Bg5 e6 7. f4 Be7 8. Qf3 Qc7 9. 0-0-0 Nbd7 10. Bd3 b5 11. Rhe1 b4 12. Nd5 exd5 13. exd5 Bb7 14. Nf5 Bxd5 15. Rxe7+ Kd8 16. Be4 Rc8 17. Bxf6 Bxe4 18. Qxe4 Nxf6 19. Qd3 Nd7 20. Rxf7 d5 21. Rd2 Re8 22. Nxg7 Re1+ 23. Rd1 Re3 24. Rxd7+ Qxd7 25. Qxe3 Qxg7 26. Rxd5+ Kc7 27. Qc5+ Kb7 28. Qxb4+ Ka8 29. Qe4 Rc6 1-0

[Event "FRA-chT4 0809"]
[Site "France "]
[Date "2009.02.08"]
[Round "5"]
[White "De Baralle, Michel"]
[Black "Roques, Olivier"]
[Result "0-1"]
[WhiteElo "1588"]
[BlackElo "1838"]
[PlyCount "148"]
[EventDate "2008.10.??"]
[EventType "team-tourn"]
[EventRounds "9"]
[EventCountry "FRA"]
[SourceTitle "EXT 2010"]
[Source "ChessBase"]
[SourceDate "2010.11.25"]
[SourceVersion "1"]
[SourceVersionDate "2010.11.25"]
[SourceQuality "1"]

1. d4 f5 2. c4 g6 3. Nc3 Bg7 4. g3 Nf6 5. Bg2 d6 6. Bf4 c6 7. Qd2 h6 8. Nf3 Be6 9. b3 Bf7 10. 0-0 Na6 11. Rac1 Nc7 12. Qd1 0-0 13. Re1 Ne6 14. Bd2 Qb6 15. e3 Kh7 16. h3 Rae8 17. Qc2 a6 18. Na4 Qd8 19. c5 dxc5 20. dxc5 Ne4 21. Bb4 a5 22. Ba3 Nc7 23. Red1 Nd5 24. Bb2 Bxb2 25. Qxb2 Qc7 26. Ne5 Be6 27. Nc4 Rd8 28. Qe5 Qxe5 29. Nxe5 Nb4 30. Rxd8 Rxd8 31. a3 Na6 32. Bxe4 fxe4 33. b4 axb4 34. axb4 Bxh3 35. Kh2 Be6 36. Rb1 Nc7 37. Nb6 Kg7 38. Nec4 Bxc4 39. Nxc4 Nb5 40. Rh1 Kf6 41. Rc1 Rd7 42. Kg1 Nc7 43. Kf1 Ke6 44. Ke1 Nd5 45. Rb1 Nc3 46. Ra1 Kf5 47. Na5 h5 48. Nb3 Kf6 49. Nd2 Kf5 50. Nc4 g5 51. Rc1 Na2 52. Rb1 Nc3 53. Rc1 Nb5 54. Nd2 Rd3 55. Rc4 Na3 56. Rc1 h4 57. gxh4 gxh4 58. Ke2 Rd8 59. Rh1 Rh8 60. f3 exf3+ 61. Kxf3 Nc2 62. e4+ Ke5 63. Rh3 Nxb4 64. Nb3 Rf8+ 65. Ke3 Rf4 66. Nd2 Nc2+ 67. Kd3 Ne1+ 68. Ke3 Ng2+ 69. Kd3 Rxe4 70. Nc4+ Kf5 71. Rf3+ Rf4 72. Ne3+ Nxe3 73. Rxe3 e5 74. Rh3 Kg4 0-1

[Event "Condom op"]
[Site "Condom"]
[Date "2008.??.??"]
[Round "6"]
[White "Roques, Olivier"]
[Black "Dia, Hussein"]
[Result "1-0"]
[WhiteElo "1881"]
[BlackElo "1910"]
[PlyCount "89"]
[EventDate "2008.07.12"]
[EventType "swiss"]
[EventRounds "9"]
[EventCountry "FRA"]
[SourceTitle "EXT 2009"]
[Source "ChessBase"]
[SourceDate "2008.11.26"]
[SourceVersion "1"]
[SourceVersionDate "2008.11.26"]
[SourceQuality "1"]

1. f4 Nf6 2. Nf3 e6 3. b3 b6 4. Bb2 Bb7 5. e3 Be7 6. a4 d5 7. Bb5+ c6 8. Be2 0-0 9. 0-0 Nbd7 10. Ne5 Ne8 11. Qe1 f6 12. Nf3 Bd6 13. Nd4 Qe7 14. Kh1 Nc7 15. Ba3 c5 16. Nb5 Nxb5 17. axb5 e5 18. f5 e4 19. Bb2 Ne5 20. Na3 Rad8 21. c3 Bb8 22. g3 Rfe8 23. Nc2 Nd3 24. Qb1 Qf7 25. Ne1 d4 26. cxd4 cxd4 27. Ng2 g5 28. fxg6 hxg6 29. Bxd4 Rxd4 30. exd4 Kg7 31. Bxd3 exd3 32. Qxd3 Be4 33. Qc4 Qb7 34. Rf2 Rh8 35. Kg1 Bd5 36. Qd3 g5 37. Qf5 Rh6 38. Re1 Bd6 39. Ne3 Bxg3 40. Nxd5 Bxf2+ 41. Kxf2 Rxh2+ 42. Kg1 Qb8 43. Re7+ Kh8 44. Qxf6+ Kg8 45. Qg7# 1-0